| 000 | 00285 a2200121 4500 | ||
|---|---|---|---|
| 999 |
_c321501 _d321501 |
||
| 001 | 86428 | ||
| 003 | NUST | ||
| 005 | 20180122134940.0 | ||
| 008 | 180122b xxu||||| |||| 00| 0 eng d | ||
| 082 | _a291.56 NAI | ||
| 100 |
_aAbdul Naiem _99486 |
||
| 245 |
_aVision about Life _cAbdul Naiem _hEnglish |
||
| 260 |
_aLahore _bZia-e-Adab _c2012 |
||
| 300 | _a174p. | ||
| 942 |
_aAHQ _cBK _k291.56 NAI _2ddc |
||